| 000 | 00641nam a22001817a 4500 | ||
|---|---|---|---|
| 999 |
_c166961 _d166961 |
||
| 010 | _aENG-126188 | ||
| 020 |
_a978-93-8212-771-0 _c2495.00 |
||
| 035 | _aEN-109720 | ||
| 037 | _bDBAD/PUB | ||
| 082 | _a543.08 | ||
| 100 | _aAhluwalia V.K. | ||
| 245 |
_aInstrumental Method of Chemical Analysis/ _cby V.K.Ahluwalia |
||
| 260 |
_aNew Delhi _bAne Books Pvt.Ltd. _c2017 |
||
| 270 |
_a4821,Parwana Bhawan 1st Floor 24 Ansari Road, Darya Ganj _bNew Delhi _e110002 _k+91(011)23276843,2814209 _manebookschennai.com |
||
| 300 |
_a592p. _b24cm(hb) |
||
| 500 | _ait Includes Index and Bibliography | ||
| 942 |
_2ddc _cEN _h543.08 _mAHL |
||